Qui est Jésus-Christ? /
Guardado en:
| Institution som forfatter: | |
|---|---|
| Andre forfattere: | , |
| Format: | Procedimiento de la conferencia Bog |
| Sprog: | fransk |
| Udgivet: |
París, Francia :
Desclée de Brouwer,
1968, c1968
|
| Fag: | |
| Tags: |
Ingen Tags, Vær først til at tagge denne postø!
|
MARC
| LEADER | 00000nam^a2200000^a^4500 | ||
|---|---|---|---|
| 001 | 000363168 | ||
| 005 | 20250521000000.0 | ||
| 009 | 20260310115541.102 | ||
| 037 | |a Acervo Xavier Clavigero | ||
| 041 | |a FRA | ||
| 082 | |a 230. |b SEM 1968 | ||
| 111 | |a Semaine des Intellectuels Catholiques ( |n 20° : |d 1968 : |c Centre Catholique des Intellectuels Français) | ||
| 240 | 1 | 1 | |a [Semaine des Intellectuels Catholiques] |
| 245 | 1 | 0 | |a Qui est Jésus-Christ? / |c Semaine des Intellectuels Catholiques ; ed. de J.L. Monneron ; presen. de R. Rémond. |
| 264 | 4 | |a París, Francia : |b Desclée de Brouwer, |c 1968, c1968 | |
| 300 | |a 257 p. | ||
| 336 | |a texto |b txt |2 rdacontenido | ||
| 337 | |a sin mediación |b n |2 rdamedio | ||
| 338 | |a volumen |b nc |2 rdasoporte | ||
| 649 | |a XX | ||
| 650 | |a Jesucristo - |x Transfiguración | ||
| 650 | |a Jesucristo - |x Divinidad | ||
| 650 | |a Jesucristo - |x Resurrección | ||
| 650 | |a Jesucristo - |x Historicidad | ||
| 650 | |a Jesucristo - |x Maestro | ||
| 650 | |a Jesucristo - |x Culto | ||
| 650 | |a Jesucristo - |x Tema Principal | ||
| 650 | |a Trinidad | ||
| 650 | |a Biblia - |x Nuevo Testamento - |x Evangelios | ||
| 650 | |a Monoteísmo | ||
| 650 | |a Teísmo | ||
| 650 | |a Dios | ||
| 650 | |a Teología | ||
| 650 | |a Catolicismo | ||
| 650 | |a Religión | ||
| 700 | |a Monneron, Jean-Louis |e (edición) | ||
| 700 | |a Rémond, René |e (presentación) | ||
| 910 | |a Fondo General | ||
| 920 | |a Impresos - Libros | ||
| 930 | |a Colección General | ||
| 905 | |a 101 | ||
| 901 | |a 057958 |b IT1 |c ACC |u 20250521 | ||
| 902 | |a https://opac.biblio.iteso.mx/vufind/Record/000363168 | ||